Physics / (Record no. 354735)
[ view plain ]
| 000 -LEADER | |
|---|---|
| fixed length control field | 00322nam a2200121Ia 4500 |
| 008 - FIXED-LENGTH DATA ELEMENTS--GENERAL INFORMATION | |
| fixed length control field | 180205s9999 xx 000 0 und d |
| 020 ## - INTERNATIONAL STANDARD BOOK NUMBER | |
| International Standard Book Number | 981253251x |
| 100 ## - MAIN ENTRY--PERSONAL NAME | |
| Personal name | Cutnell, John D. |
| 245 ## - TITLE STATEMENT | |
| Statement of responsibility, etc | Johnson, Kenneth W. |
| Title | Physics / |
| 250 ## - EDITION STATEMENT | |
| Edition statement | 7th ed |
| 260 ## - PUBLICATION, DISTRIBUTION, ETC. (IMPRINT) | |
| Place of publication, distribution, etc | Philippines |
| Name of publisher, distributor, etc | C&E publishing |
| Date of publication, distribution, etc | 2007 |
| 300 ## - PHYSICAL DESCRIPTION | |
| Extent | vii, 1051 pages |
| Withdrawn status | Lost status | Source of classification or shelving scheme | Damaged status | Home library | Current library | Shelving location | Date acquired | Source of acquisition | Total Checkouts | Full call number | Barcode | Date last seen | Price effective from | Koha item type |
|---|---|---|---|---|---|---|---|---|---|---|---|---|---|---|
| Library of Congress Classification | College Library | College Library | General Circulation Section | 02/05/2018 | Library Fund | QC 23.2 .C988 2007 | C11166 | 05/15/2018 | 02/05/2018 | Books |